Gouts Absolut Vodka - Statistiques

Statistiques générales
  • Ce quiz a été pris 47 fois
  • Le résultat moyen est 4 sur 12
Statistiques - réponses
Réponse % Correct
framboise
70%
citron
68%
mangue
51%
pasteque
46%
peche
43%
vanille
35%
poire
27%
fruit de la passion
22%
citron vert
19%
mandarine
14%
pamplemousse
3%
elix
0%
Aucun quiz correspondant
Distribution des résultats
% des personnes avec chaque résultat
Percentile par nombre de réponses
Votre historique - résultats
Vous n’avez pas pris ce quiz